| 000 | 00481nam a2200169 i 4500 | ||
|---|---|---|---|
| 001 | 33092 | ||
| 003 | ES-MaACL | ||
| 005 | 20230906154708.0 | ||
| 007 | t| | ||
| 008 | 030201s1907 sp ||||1| spa d | ||
| 100 | 1 |
_aBerbiela, A. Rafael. _927843 |
|
| 245 | 1 | 0 |
_aZootecnia general y especial / _cpor A. Rafael Berbiela y Santos Arán. |
| 260 |
_aZaragoza : _bAbadía y Capapé, _c1907. |
||
| 300 |
_a1 v. ; _c25 cm. |
||
| 700 | 1 |
_aArán, Santos. _922237 |
|
| 852 |
_aES-MaACL _jA-185 |
||
| 999 |
_c33092 _d33092 |
||